| 000 | 01324cam a2200337 a 4500 | ||
|---|---|---|---|
| 001 | 1633500 | ||
| 003 | ARRUPE | ||
| 005 | 20220330094935.0 | ||
| 008 | 960515s1997 nyua 001 0 eng | ||
| 010 | _a 96009004 | ||
| 020 | _a0070380376 (pbk.) | ||
| 040 |
_aDLC _cDLC _dDLC |
||
| 050 | 0 | 0 |
_aQA184.5 _b.L57 1997 |
| 082 | 0 | 0 |
_a512/.5/076 _220 |
| 100 | 1 |
_aLipschutz, Seymour. _950644 |
|
| 245 | 1 | 0 |
_aSchaum's outline of theory and problems of beginning linear algebra / _cSeymour Lipschutz. |
| 246 | 3 | 0 | _aTheory and problems of beginning linear algebra |
| 246 | 3 | 0 | _aBeginning linear algebra |
| 260 |
_aNew York : _bMcGraw-Hill, _cc1997. |
||
| 300 |
_avi, 473 p. : _bill. ; _c29 cm. |
||
| 490 | 0 | _aSchaum's outline series | |
| 500 | _aIncludes index. | ||
| 650 | 0 |
_aAlgebras, Linear _vProblems, exercises, etc. _951074 |
|
| 650 | 0 |
_aAlgebras, Linear _vOutlines, syllabi, etc. _950645 |
|
| 856 | 4 | 2 |
_3Publisher description _uhttp://www.loc.gov/catdir/description/mh031/96009004.html |
| 856 | 4 | 1 |
_3Table of contents _uhttp://www.loc.gov/catdir/toc/mh022/96009004.html |
| 906 |
_a7 _bcbc _corignew _d1 _eocip _f19 _gy-gencatlg |
||
| 942 |
_2lcc _cMONOGRAPH |
||
| 999 |
_c131164 _d131164 |
||